| 000 | 01014nam a22002417a 4500 | ||
|---|---|---|---|
| 999 |
_c13335 _d13335 |
||
| 003 | AR-CdUCM | ||
| 008 | 190415b ||||| |||| 00| 0 spa d | ||
| 040 |
_aMUNICIPALIDAD PROVINCIAL DEL CUSCO _cBIBLIOTECA MUNICIPAL DEL CUSCO |
||
| 082 |
_aTS / 340.4 / _bA56 |
||
| 100 |
_aAncón Ramirez, Noé Rosendo _931704 |
||
| 245 | _aLegalidad del concubinato en el Perú / | ||
| 260 |
_aCusco : _bUniversidad Nacional de San Antonio Abad del Cusco, _c1971. |
||
| 300 |
_aIV, 91 hojas ; _c29 cm. |
||
| 500 | _aTesis presentada para optar al titulo de Bachiller en derecho. | ||
| 505 | _aContenido: La familia y regulación del concubinato en Roma -- España y régimen concubinato del Perú -- Legislación Comparada y la unión de hecho en el Perú ... | ||
| 650 |
_aLa Familia _914120 |
||
| 650 |
_aPerú-España _931705 |
||
| 650 |
_aLegislación _92962 |
||
| 650 |
_aConcubinato _928221 |
||
| 710 |
_aUniversidad Nacional de San Antonio Abad del Cusco _915942 |
||
| 942 |
_2ddc _cTESIS |
||
| 945 |
_acmm _d2019-04-15 |
||